[Event "Puspokladany Arnoth Memorial 04th"]
[Site "Puspokladany"]
[Date "2011.07.27"]
[Round "1"]
[White "Balogh, David"]
[Black "Galla, Erik"]
[Result "1-0"]
[WhiteElo "1994"]
[BlackElo "1697"]
[PlyCount "73"]
[EventDate "2011.07.27"]
[EventType "swiss"]
[EventRounds "9"]
[EventCountry "HUN"]
[SourceTitle "EXT 2018"]
[Source "ChessBase"]
[SourceDate "2017.10.13"]
[SourceVersion "1"]
[SourceVersionDate "2017.10.13"]
[SourceQuality "1"]

1. d4 Nf6 2. Bg5 Ne4 3. Bf4 g6 4. f3 Nf6 5. e4 d6 6. Nc3 Bg7 7. Qd2 0-0 8. 0-0-0 Nbd7 9. Bh6 c5 10. Nge2 b5 11. Nxb5 Qb6 12. Nbc3 Rb8 13. b3 c4 14. h4 cxb3 15. cxb3 a5 16. h5 Bxh6 17. Qxh6 Nxh5 18. Nf4 Ndf6 19. Ncd5 Qb7 20. Nxh5 Nxh5 21. g4 e6 22. Rxh5 f6 23. Bc4 Qg7 24. Rh2 Qxh6+ 25. Rxh6 exd5 26. Bxd5+ Kg7 27. Rdh1 Rh8 28. Kb2 Ba6 29. R6h2 Rb4 30. Rc1 Rc8 31. Rxc8 Bxc8 32. Rc2 Ba6 33. Rc7+ Kh6 34. f4 Rxd4 35. Bg8 g5 36. Rxh7+ Kg6 37. f5# 1-0